Vybrané zmeny v zobrazení finančných nástrojov podľa medzinárodného štandardu IFRS 9

Úprava finančných nástrojov v medzinárodných účtovných štandardoch IFRS. Základné definície problematiky finančných nástrojov. Téma a rozsah zmien.

Gespeichert in:
Bibliographische Detailangaben
1. Verfasser: Kováčiková, Martina, 1985-
Format: Buchkapitel
Sprache:Slowakisch
Schlagworte:
Tags: Tag hinzufügen
Keine Tags, Fügen Sie das erste Tag hinzu!

MARC

LEADER 00000naa$a2200000$$$4500
001 0149009
005 20240502072700.2
041 0 |a slo 
044 |a SK 
245 1 0 |a Vybrané zmeny v zobrazení finančných nástrojov podľa medzinárodného štandardu IFRS 9  |c Martina Kováčiková 
520 |a Úprava finančných nástrojov v medzinárodných účtovných štandardoch IFRS. Základné definície problematiky finančných nástrojov. Téma a rozsah zmien. 
610 2 0 |a účtovníctvo 
610 2 0 |a jednotka účtovná 
610 2 0 |a pravidlá účtovné 
610 2 0 |a štandardy účtovné medzinárodné 
610 2 0 |a IFRS 
100 1 |a Kováčiková, Martina, 1985-